000 00696nam a2200193Ii 4500
003 JO-AjNU
008 230605s9999||||xx |||||||||||||| ||und||
040 _aJO-AjNU
_bara
_erda
_cJO-AjNU
041 _aara
050 1 4 _aU21.7.A2838
100 3 _aابو غزالة، محمد عبدالحليم,
_eauthor
_940543
245 0 0 _aاستخدام الطرق الرياضية في الاعمال الحربية
264 3 1 _aالقاهرة:دار الفكر العربي ،د.ت
300 _a222ص
336 _atext
_btxt
_2rdacontent
337 _aunmediated
_bn
_2rdamedia
338 _avolume
_bnc
_2rdacarrier
650 4 _aالعلوم العسكرية -المعارك الحربية
_940544
999 _aA17215
_c20783
_d20783